Click a Star Quiz Stats

Quiz not verified by Sporcle

Challenge
Share
Tweet
Embed
Score 0/25 Timer 06:00
0 Plays Today
% Correct
Star Trek
95.6%
Star Wars
95.6%
Starburst
89%
The Starry Night
88.7%
Starbucks
87.5%
Clarice Starling
86.9%
When You Wish upon a Star
84.6%
Ziggy Stardust
82.7%
Starch
81.2%
Tony Stark
80.7%
StarKist
79.8%
Star Jones
79.4%
Bart Starr
66.7%
% Correct
Star Tribune
62.1%
Starvin' Marvin
62%
Texaco Star Theater
60.7%
Starting Pitcher
59.4%
Starlight Express
58.3%
Willie Stargell
56.3%
Twinkle, Twinkle, Little Star
55.5%
Shining Star
54.2%
Jefferson Starship
47.6%
Star-Club-Hamburg
45.6%
Star 80
44.5%
The Star Chamber
44%

You're not logged in!

Compare scores with friends on all Sporcle quizzes.
Sign Up with Email
OR
Log In

You Might Also Like...

Show Comments

Extras

Top Quizzes Today


Score Distribution

Your Account Isn't Verified!

In order to create a playlist on Sporcle, you need to verify the email address you used during registration. Go to your Sporcle Settings to finish the process.